000 00787nam a2200253 a 4500
001 57690
003 BD-RjUL
005 20211209080537.0
008 161211s1947 ilu b 000 0 eng
035 _a(BD-RjUL)57814
040 _aDLC
_cWSU
_dSER
_dOCL
_dZCU
_dBD-RjUL
_beng
041 _aeng
082 _223
_a025.43
_bHEC 1947
100 1 _aHerdman, Margaret M.
_9171322
245 1 0 _aClassification :
_ban introductory manual /
_cMargaret M. Herdman.
250 _a2d ed.
260 _aChicago :
_bAmerican Library Assn.,
_c1947.
300 _aiii, 50 p. ;
_c22 cm.
504 _aIncludes bibliography.
650 0 _aClassification
_xBooks.
_9171323
650 0 _aClassification
_xBooks
_vBibliography.
_9171324
710 2 _aAmerican Library Association.
_9171325
942 _2ddc
_cBK
999 _c57690
_d57690